000 00892nam a22002897a 4500
001 7804
003 FISKH
005 20250807155554.0
008 250807b cb ||||| |||| 00| 0 eng d
020 _a9780618260102
040 _aFISKH
_beng
_cFISKH
_dFISKH
050 _aPS3562.E8528 A94
082 _a813.54
100 _aLester, Helen
_d(1936-)
245 _aAuthor :
_bA true story /
_cHelen Lester
250 _aThis edition first published in 1997
260 _aNew York :
_bHoughton,
_c1997
300 _a32 pages :
_bcolor illustrations ;
_c21 cm
505 _aN
520 _aChildren's author Helen Lester describes her life from age three to adulthood and discusses how she writes.
521 8 _a570
_bLexile
521 8 _aN
_bRaz-Plus
650 _2Writer's Workshop
_aWriting process
650 _2Ages07
_aBday Closet
942 _2ddc
_cBK
_n0
999 _c7804
_d7804